Normal view
MARC view
- Hashmat, Shahid Ahmad
Entry Personal Name
001 - CONTROL NUMBER
- control field: 6759
003 - CONTROL NUMBER IDENTIFIER
- control field: NUST
005 - DATE AND TIME OF LATEST TRANSACTION
- control field: 20171124100953.0
008 - FIXED-LENGTH DATA ELEMENTS
- fixed length control field: 171124|| aca||aabn | a|a d
040 ## - CATALOGING SOURCE
- Original cataloging agency: NUST
- Transcribing agency: NUST
100 ## - HEADING--PERSONAL NAME
- Personal name: Hashmat, Shahid Ahmad
670 ## - SOURCE DATA FOUND
- Source citation: Work cat.: (NUST)0: Hashmat, Shahid Ahmad, International Conflict Resolution: , 2014
